On This Day: November 28th Quiz Stats

Quiz Updated Nov 28, 2017

Challenge
Share
Tweet
Embed
Score 0/7 Timer 03:00
0 Plays Today
Question Answer Wrong Answers
In response to US President Lyndon B. Johnson's call for ‘more flags’ in Vietnam, ______ President-elect Ferdinand Marcos announces he will send troops to help fight in South Vietnam.
1965
Philippine
88%
Japanese
3.3%
Thai
2.6%
Indonesian
4.8%
At the Tehran Conference, US President Franklin D. Roosevelt, British Prime Minister Winston Churchill, and this Soviet Premier meet to discuss war strategy.
1943
Joseph Stalin
86.1%
Vyacheslav Molotov
1.2%
Nikita Khrushchev
8.6%
Leonid Brezhnev
3.4%
NASA launches the Mariner 4 probe, which performs the first successful flyby of this planet.
1964
Mars
77.1%
Mercury
10.8%
Neptune
4.4%
Saturn
6.7%
This American songwriter and producer, the founder of Motown Records, is born.
1929
Berry Gordy
68%
Smokey Robinson
21.2%
Jackie Wilson
6.4%
Brian Holland
4%
The Kingdom of ______ is officially recognized by the United Kingdom and France as an independent nation and remains so until it is annexed by the United States in 1898.
1843
Hawaii
57.1%
Fiji
6.9%
Puerto Rico
29.1%
Cuba
6.7%
Margaret Thatcher formally resigns as prime minister and leader of the Conservative Party, and is succeeded as both by this man.
1990
John Major
54.4%
Tony Blair
33.8%
Gordon Brown
7%
James Callaghan
3.3%
Panama separates from Spain and joins ______.
1821
Gran Colombia
43.8%
Costa Rica
25.4%
Nicaragua
23.2%
Viceroyalty of Peru
7.5%

Today's Daily Dose

Missing Word
1971 Movies A-Z

Word Ladder
Complete Tour

Quick Pick
Logo Colors

On This Day
January 19th

You're not logged in!

Compare scores with friends on all Sporcle quizzes.
Sign Up with Email
OR
Log In

You Might Also Like...

Show Comments

Extras

Top Quizzes Today


Score Distribution

Your Account Isn't Verified!

In order to create a playlist on Sporcle, you need to verify the email address you used during registration. Go to your Sporcle Settings to finish the process.